Manuscrito cuervo / (Record no. 178782)

MARC details
000 -LEADER
campo de control de longitud fija 01140nam a2200277 4500
001 - NÚMERO DE CONTROL
campo de control 178782
003 - IDENTIFICADOR DE NÚMERO DE CONTROL
campo de control ES-MaACL
005 - FECHA Y HORA DE LA ÚLTIMA TRANSACCIÓN
campo de control 20240129115652.0
008 - DATOS DE LONGITUD FIJA--INFORMACIÓN GENERAL
campo de control de longitud fija 110628s1999 sp afo |||| | spa d
020 ## - NÚMERO INTERNACIONAL ESTÁNDAR DEL LIBRO
Número Internacional Estándar del Libro 84-923858-5-5
080 ## - NÚMERO DE LA CLASIFICACIÓN DECIMAL UNIVERSAL
Número de la Clasificación Decimal Universal 821.134.2-3"19"
100 1# - ENTRADA PRINCIPAL--NOMBRE DE PERSONA
Nombre de persona Aub, Max,
Fechas asociadas al nombre 1903-1972
9 (RLIN) 23783
245 10 - MENCIÓN DEL TÍTULO
Título Manuscrito cuervo /
Mención de responsabilidad, etc. Max Aub ; introducción, edición y notas de José Antonio Pérez Bowie ; con un epílogo de José María Naharro-Calderón.
246 34 - FORMA VARIANTE DEL TITULO
Título propio/Titulo breve Manuscrito cuervo
Resto del título : Historia de Jacobo
260 ## - PUBLICACIÓN, DISTRIBUCIÓN, ETC.
Lugar de publicación, distribución, etc. Segorbe (Castellón) :
Nombre del editor, distribuidor, etc. Fundación Max Aub ;
Lugar de publicación, distribución, etc. Alcalá de Henares :
Nombre del editor, distribuidor, etc. Universidad de Alcalá de Henares,
Fecha de publicación, distribución, etc. [1999]
300 ## - DESCRIPCIÓN FÍSICA
Extensión 262 p. :
Otras características físicas il. ;
Dimensiones 18 x 15 cm.
490 1# - MENCIÓN DE SERIE
Mención de serie Biblioteca Max Aub ;
Designación de volumen o secuencia 7
700 1# - ENTRADA AGREGADA--NOMBRE PERSONAL
Nombre de persona Pérez Bowie, José Antonio.
9 (RLIN) 90676
700 1# - ENTRADA AGREGADA--NOMBRE PERSONAL
Nombre de persona Naharro-Calderón, José María.
9 (RLIN) 84860
710 2# - ENTRADA AGREGADA--NOMBRE DE ENTIDAD CORPORATIVA
Nombre de entidad corporativa o nombre de jurisdicción como elemento de entrada Fundación Max Aub.
9 (RLIN) 4367
710 2# - ENTRADA AGREGADA--NOMBRE DE ENTIDAD CORPORATIVA
Nombre de entidad corporativa o nombre de jurisdicción como elemento de entrada Universidad de Alcalá de Henares.
9 (RLIN) 7135
830 0# - PUNTO DE ACCESO ADICIONAL DE SERIE-TÍTULO UNIFORME
Título uniforme Biblioteca Max Aub ;
Designación de volumen o secuencia 7
9 (RLIN) 191028
852 ## - LOCALIZACIÓN
Ubicación ES-MaACL
Número de control de estantería A-11306
itemnumber 185643
Sublocalización o colección R.146708
Ubicación en estantería Depósito 1
Signatura antigua Olim: N-4310
942 ## - ELEMENTOS DE ENTRADA SECUNDARIOS (KOHA)
Fuente del sistema de clasificación o colocación Clasificación decimal universal
Tipo de ítem Koha Libro impreso
Holdings
Estatus retirado Estado de pérdida Fuente del sistema de clasificación o colocación Estado de daño No para préstamo Biblioteca de origen Biblioteca actual Ubicación en estantería Fecha de adquisición Fuente de adquisición Total de préstamos Signatura topográfica completa Código de barras Visto por última vez Precio de reemplazo Tipo de ítem Koha
    Clasificación decimal universal     Biblioteca del Ateneo de Madrid Biblioteca del Ateneo de Madrid Depósito 1 28/06/2011 Compra   A-11306 1187796 23/02/2023 23/02/2023 Libro impreso